Ze zahrádky do zahrádky

Bibliographic Details
Main Author: Kahoun, Jiří, 1942-2017 (Author)
Other Authors: Pacovská, Květa, 1928- (Illuminator)
Format: Book
Language:Czech
PhysicalDescription:102, [9] s. 4°
Published: Praha Albatros 1989
Subjects:

MARC

LEADER 00000nam a2200000 a 4500
001 vtls001334754
003 SK-MaSNL
005 20260301235757.0
008 240314s1989 xr 0 cze
035 |a SNK000287709 
040 |a SNK  |b slo  |c SNK  |e AACR2 
041 0 |a cze 
044 |a CZ 
080 |a 885.0-93  |2 1981 
080 |a 885.0-34  |2 1981 
100 1 |a Kahoun, Jiří,  |d 1942-2017  |4 aut  |9 125222 
245 1 0 |a Ze zahrádky do zahrádky  |c Jiří Kahoun ; il. Květa Pacovská 
260 |a Praha  |b Albatros  |c 1989 
300 |a 102, [9] s.  |c 4° 
650 0 7 |a literatúra česká  |x rozprávky  |2 SNK  |9 385305 
650 0 7 |a rozprávky české  |2 SNK  |9 385306 
700 1 |a Pacovská, Květa,  |d 1928-  |4 ilu  |9 117961 
958 |a RK 
958 |a OND 
999 |c 976579  |d 978509 
952 |t P60, <04>, [BOOK], {604}  |a SNK  |b SNK  |y VYP  |7 0  |o snkIB 63615  |i snkKIP 1629/90  |0 0  |1 0  |4 0  |d 1998-06-18  |l 0  |r 2005-01-02 00:00:00  |w 2026-02-24 
952 |t P60, <04>, [BOOK], {604}  |a SNK  |b SNK  |y VYP  |7 0  |o snkIB 63615 D1  |i snkKIP 1630/90  |0 0  |1 0  |4 0  |d 1998-06-18  |l 0  |r 2005-01-02 00:00:00  |w 2026-02-24